Contrubution of Sir Syed Ahmadkhan to islamic Studies / (Record no. 40019)

MARC details
000 -LEADER
fixed length control field 00691nam a22002057a 4500
005 - DATE AND TIME OF LATEST TRANSACTION
control field 20100807121513.0
010 ## - LCCN (DPL NO)
LC control number ENG-98855
020 ## - INTERNATIONAL STANDARD BOOK NUMBER
Terms of availability 150.00
035 ## - SYSTEM CONTROL NUMBER
System control number EN-82387
037 ## - SOURCE OF ACQUISITION
Source of stock number/acquisition DBAD/PUB
082 ## - DEWEY DECIMAL CLASSIFICATION NUMBER
Classification number 270
245 ## - TITLE STATEMENT
Title Contrubution of Sir Syed Ahmadkhan to islamic Studies /
Statement of responsibility, etc edited by Abdul Ali [and] Sayyid Ahsan
260 ## - PUBLICATION, DISTRIBUTION, ETC. (IMPRINT)
Place of publication, distribution, etc Aligarh
Name of publisher, distributor, etc Institute of Islamic Studies
Date of publication, distribution, etc 2004
270 ## - ADDRESS
Address Aligarh Muslim University
City Aligarh
300 ## - PHYSICAL DESCRIPTION
Extent 339p
Dimensions 21cm(Hb)
700 ## - ADDED ENTRY--PERSONAL NAME
Personal name Ali,Abdul
9 (RLIN) 8386
700 ## - ADDED ENTRY--PERSONAL NAME
Personal name Ahsan, Sayyid
9 (RLIN) 8387
942 ## - ADDED ENTRY ELEMENTS (KOHA)
Source of classification or shelving scheme Dewey Decimal Classification
Item type English Books
Classification part 270
Call number suffix CON
Holdings
Withdrawn status Lost status Not for loan Collection code Home library Current library Date acquired Source of acquisition Cost, normal purchase price Full call number Barcode Copy number Cost, replacement price Koha item type
    Not For Loan Non-fiction D.B.Act.Division D.B.Act.Division 07/08/2010 DBAD/PUB 150.00 270 CON EN-82387 1 150.00 English Books

© Delhi Public Library
Hit Counter
free hit counter